000 00506nam a2200157 i 4500
001 83879
003 ES-MaACL
005 20230906174916.0
007 t|
008 041118s1986 sp ||||1| spa d
020 _a84-00-06315-5
245 0 0 _aItalia y la guerra civil española
_b: simposio celebrado en la Escuela Española de Historia y Arqueología de Roma.
260 _aMadrid :
_bCentro de Estudios Históricos,
_c1986.
300 _aXII, 245 p. ;
_c24 cm.
852 _aES-MaACL
_jL-10779
_bR.112585
999 _c83879
_d83879